000 00720cam a22002413a 4500
001 24860
003 PGUSA
005 20140828083532.0
008 080317s2008||||xxu|||||s|||||000 | eng d
040 _aPGUSA
_beng
042 _adc
050 4 _aPR
100 1 _aRichardson, Samuel,
_d1689-1761
245 1 0 _aSamuel Richardson's Introduction to Pamela
_h[electronic resource] /
_cSamuel Richardson
260 _bProject Gutenberg,
_c2008
506 _aPublic domain in the USA.
516 _aElectronic text
653 _aRichardson, Samuel, 1689-1761. Pamela
700 1 _aBaker, Sheridan Warner,
_d1918-
830 0 _aProject Gutenberg
_v24860
856 4 0 _uhttp://www.gutenberg.org/ebooks/24860
942 _cEB
999 _c254115
_d254115